Statistiche per Paesi più Grandi della Libia

Clicka qui per fare il quiz!

Statistiche generali

  • Questo quiz è stato fatto 29 volte
  • Il punteggio medio è 14 su 15

Statistiche sulle risposte

SuperficiePaese% Corretto
2,780,400Argentina
100%
7,741,220Australia
100%
8,514,877Brasile
100%
9,984,670Canada
100%
9,596,961Cina
100%
3,287,263India
100%
17,098,242Russia
100%
9,826,675Stati Uniti
100%
2,381,741Algeria
93%
1,904,569Indonesia
93%
1,964,375Messico
93%
2,344,858Rep. Dem. del Congo
93%
2,149,690Arabia Saudita
87%
2,724,900Kazakistan
87%
1,861,484Sudan
80%

Distribuzione punteggi

Percentile per numero di risposta

Percentuale di utenti per punteggio

I tuoi punteggi nel tempo

Non hai fatto questo quiz